[Event "4NCL/Div4/KJCAK vs. BRJ"]
[Site "Wokefield Park ENG"]
[Date "2008.05.04"]
[Round "10.1"]
[White "Jones, William"]
[Black "Richmond, Peter A"]
[Result "0-1"]
[WhiteElo "2007"]
[BlackElo "2271"]
[PlyCount "48"]
[EventDate "2008.05.04"]
[EventType "team"]
[EventRounds "11"]
[EventCountry "ENG"]
[SourceDate "2007.09.15"]

1. e4 c5 2. Nf3 Nf6 3. e5 Nd5 4. Nc3 e6 5. Nxd5 exd5 6. d4 Nc6 7. Bf4 Qb6 8.
Bd3 c4 9. Bf5 g6 10. Bh3 Qxb2 11. O-O Bg7 12. Rb1 Qxa2 13. Rb5 a5 14. Rxd5 Nb4
15. Rd6 Qxc2 16. Qe1 O-O 17. d5 Nd3 18. Qe4 a4 19. Ng5 a3 20. Nxh7 Kxh7 21. Bf5
a2 22. Bxg6+ fxg6 23. Qxg6+ Kg8 24. Bh6 Qxf2+ 0-1

[Event "4NCL/Div4/KJCAK vs. BRJ"]
[Site "Wokefield Park ENG"]
[Date "2008.05.04"]
[Round "10.2"]
[White "Girdlestone, Paul"]
[Black "Jones, Victor"]
[Result "1-0"]
[WhiteElo "2240"]
[BlackElo "1978"]
[PlyCount "137"]
[EventDate "2008.05.04"]
[EventType "team"]
[EventRounds "11"]
[EventCountry "ENG"]
[SourceDate "2007.09.15"]

1. d4 Nf6 2. Nf3 c5 3. g3 cxd4 4. Nxd4 e5 5. Nb3 d5 6. Bg2 Nc6 7. Bg5 Be6 8.
O-O Be7 9. Nc3 d4 10. Bxf6 Bxf6 11. Ne4 Be7 12. Nec5 Bc8 13. c3 dxc3 14. Qxd8+
Kxd8 15. bxc3 Kc7 16. Nd3 Bf6 17. Nb4 Ne7 18. Rfd1 a5 19. Nd5+ Nxd5 20. Bxd5 a4
21. Nc5 Ra5 22. Ne4 Rf8 23. Nxf6 gxf6 24. Rab1 b6 25. Rb4 Rd8 26. e4 Bb7 27. c4
Bxd5 28. cxd5 Rd6 29. Rc1+ Kb7 30. Rbc4 f5 31. Rc7+ Ka6 32. exf5 Raxd5 33. Rxf7
e4 34. Rc4 Rd1+ 35. Kg2 R6d4 36. Rfc7 e3 37. Rxd4 Rxd4 38. fxe3 Rd2+ 39. Kf3
Rxa2 40. f6 Ra1 41. f7 a3 42. Ke2 Ra2+ 43. Kd3 Rf2 44. Rc3 Rxf7 45. Rxa3+ Kb5
46. Rc3 Kb4 47. Rc4+ Kb3 48. e4 Rf2 49. Rc6 b5 50. e5 Rxh2 51. Rc5 Kb4 {=} 52.
Rc7 Rh3 53. Rg7 Rh6 54. Kd4 Rh1 55. Kd5 Kc3 56. Rc7+ Kd3 57. Rb7 Rh3 58. Rxb5
Rh5 59. Rb3+ Kc2 60. Rf3 Rh1 61. Ke6 Ra1 62. Kf6 Kd2 63. e6 Ke2 64. Rf4 Ra6 65.
Kf7 h5 66. e7 Ra7 67. Kf8 Ra8+ 68. e8=Q+ Rxe8+ 69. Kxe8 1-0

[Event "4NCL/Div4/KJCAK vs. BRJ"]
[Site "Wokefield Park ENG"]
[Date "2008.05.04"]
[Round "10.3"]
[White "Bayliss, Lyall C P"]
[Black "Hall, Daniel J"]
[Result "0-1"]
[WhiteElo "1961"]
[BlackElo "2135"]
[PlyCount "98"]
[EventDate "2008.05.04"]
[EventType "team"]
[EventRounds "11"]
[EventCountry "ENG"]
[SourceDate "2007.09.15"]

1. e4 c5 2. c3 g6 3. d4 cxd4 4. cxd4 d5 5. exd5 Nf6 6. Bb5+ Bd7 7. Qb3 Qa5+ 8.
Nc3 Bxb5 9. Qxb5+ Qxb5 10. Nxb5 Nxd5 11. Ne2 Nc6 12. Nf4 O-O-O 13. Nxd5 Rxd5
14. Nc3 Rxd4 15. Be3 Rd8 16. Rc1 Bg7 17. O-O Kb8 18. a3 Nd4 19. Kh1 Nf5 20. Bc5
b6 21. g4 Nd6 22. Be3 Nc4 23. Bg5 f6 24. Bf4+ e5 25. Bg3 Nxb2 26. Nb5 Rd7 27.
f4 Rhd8 28. g5 Nd3 29. fxe5 fxe5 30. Rc4 Kb7 31. a4 Nc5 32. Rh4 Bh8 33. Re1 a6
34. Nc3 Ne6 35. Ne4 Rf8 36. Rb1 Ka7 37. Bf2 Nd4 38. a5 b5 39. Nc5 Re7 40. Kg2
Rc8 41. Nb3 Rc2 42. Re4 Rf7 43. Rf1 Kb7 44. Nxd4 exd4 45. Re6 d3 46. Rb6+ Kc8
47. Rxa6 Bd4 48. Re1 Rfxf2+ 49. Kg3 Rfe2 0-1

[Event "4NCL/Div4/KJCAK vs. BRJ"]
[Site "Wokefield Park ENG"]
[Date "2008.05.04"]
[Round "10.4"]
[White "Cabero, Pablo Padilla"]
[Black "Lunn, Matt"]
[Result "1-0"]
[WhiteElo "2189"]
[BlackElo "1822"]
[PlyCount "109"]
[EventDate "2008.05.04"]
[EventType "team"]
[EventRounds "11"]
[EventCountry "ENG"]
[SourceDate "2007.09.15"]

1. e4 c6 2. d4 d5 3. e5 c5 4. c3 Nc6 5. Be3 cxd4 6. Bxd4 Bf5 7. g4 Bd7 8. Bg2
e6 9. Ne2 Nge7 10. O-O Qc7 11. f4 Nxd4 12. Nxd4 Nc6 13. Nd2 Qb6 14. N2b3 Rc8 {=
} 15. Kh1 Nxd4 16. Nxd4 Qxb2 17. f5 Qxc3 18. fxe6 fxe6 19. Rb1 Rc4 20. Nb5 Bxb5
21. Rxb5 Rb4 22. Rf3 Qc6 23. Rxf8+ Rxf8 24. Rxb4 Rf2 25. h3 Rxa2 26. Qb1 Rc2
27. Qb3 Rc3 28. Qa2 a6 29. Rb2 Re3 30. Kh2 Rxe5 31. Rf2 Qd6 32. Qa4+ Ke7 33.
Qf4 Re1 34. Qxd6+ Kxd6 35. Rf7 d4 36. Bxb7 d3 37. Bc8 Rd1 38. Rd7+ Kc6 39. Rxg7
d2 40. Rd7 e5 41. g5 e4 42. Rd8 Kc7 43. Bg4 Kxd8 44. Bxd1 Ke7 45. Kg3 Kd6 46.
Kf4 Kd5 47. h4 Kd4 48. Be2 a5 49. h5 a4 50. g6 hxg6 51. hxg6 a3 52. g7 Kc3 53.
g8=Q Kb2 54. Bd1 Kc1 55. Qb3 1-0

[Event "4NCL/Div4/KJCAK vs. BRJ"]
[Site "Wokefield Park ENG"]
[Date "2008.05.04"]
[Round "10.5"]
[White "Maguire, Robert"]
[Black "Bourne, Johnathan"]
[Result "1/2-1/2"]
[WhiteElo "1703"]
[BlackElo "2083"]
[PlyCount "38"]
[EventDate "2008.05.04"]
[EventType "team"]
[EventRounds "11"]
[EventCountry "ENG"]
[SourceDate "2007.09.15"]

1. e4 c6 2. c4 d5 3. exd5 cxd5 4. cxd5 Qxd5 5. Nc3 Qd8 6. Nf3 Nf6 7. Bc4 e6 8.
d3 Nc6 9. Be3 Be7 10. h3 Nd5 11. Bd2 a6 12. a3 b5 13. Ba2 Bb7 14. Nxd5 exd5 15.
d4 O-O 16. O-O Bf6 17. Be3 Re8 18. Rc1 Rc8 19. b4 Ne7 1/2-1/2

[Event "4NCL/Div4/KJCAK vs. BRJ"]
[Site "Wokefield Park ENG"]
[Date "2008.05.04"]
[Round "10.6"]
[White "Tomboline, David"]
[Black "Gahir, Jasdeep"]
[Result "1/2-1/2"]
[WhiteElo "2027"]
[BlackElo "1715"]
[PlyCount "27"]
[EventDate "2008.05.04"]
[EventType "team"]
[EventRounds "11"]
[EventCountry "ENG"]
[SourceDate "2007.09.15"]

1. d4 d5 2. Bf4 Nf6 3. e3 Bf5 4. Bd3 Bg6 5. Nf3 e6 6. Bxg6 hxg6 7. Nbd2 c5 8.
c3 Nc6 9. Qb3 Qd7 10. Ne5 Nxe5 11. Bxe5 c4 12. Qc2 g5 13. h3 g4 14. h4 1/2-1/2

[Event "4NCL/Div4/PONTY vs. CELT1"]
[Site "Wokefield Park ENG"]
[Date "2008.05.04"]
[Round "10.1"]
[White "Sully, David"]
[Black "Wippermann, Till"]
[Result "0-1"]
[WhiteElo "2110"]
[BlackElo "2443"]
[PlyCount "70"]
[EventDate "2008.05.04"]
[EventType "team"]
[EventRounds "11"]
[EventCountry "ENG"]
[SourceDate "2007.09.15"]

1. e4 c5 2. Nc3 Nc6 3. Bb5 Nd4 4. Bc4 g6 5. Nf3 d6 6. d3 Bg7 7. Nxd4 cxd4 8.
Ne2 e6 9. O-O Ne7 10. Bb3 O-O 11. Bd2 d5 12. f3 a5 13. a4 e5 14. Qc1 Be6 15.
Bh6 dxe4 16. Bxe6 exf3 17. Bxg7 Kxg7 18. Rxf3 fxe6 19. Rxf8 Qxf8 20. c3 Nc6 21.
Qd2 Qc5 22. Kh1 Rf8 23. cxd4 exd4 24. Ng3 e5 25. Re1 Qb4 26. Qc1 Rf2 27. Ne4
Rc2 28. Qd1 Rxb2 29. Rf1 Qe7 30. Qg4 Nd8 31. h4 h5 32. Qg3 Rb6 33. Rf5 Nf7 34.
Rxh5 Rb1+ 35. Kh2 Rf1 0-1

[Event "4NCL/Div4/PONTY vs. CELT1"]
[Site "Wokefield Park ENG"]
[Date "2008.05.04"]
[Round "10.2"]
[White "Hoffmann, Hendrik"]
[Black "James, Stephen C"]
[Result "1-0"]
[WhiteElo "2269"]
[BlackElo "2130"]
[PlyCount "45"]
[EventDate "2008.05.04"]
[EventType "team"]
[EventRounds "11"]
[EventCountry "ENG"]
[SourceDate "2007.09.15"]

1. e4 c6 2. d4 d5 3. exd5 cxd5 4. c4 Nf6 5. Nc3 e6 6. Nf3 Be7 7. cxd5 exd5 8.
Bd3 O-O 9. h3 Nc6 10. O-O h6 11. Be3 Be6 12. Qd2 Re8 13. Rfe1 Bb4 14. Bxh6 gxh6
15. Qxh6 Bf8 16. Qh4 Nb4 17. Bb5 Bd7 18. Bxd7 Rxe1+ 19. Rxe1 Nxd7 20. Ng5 Bg7
21. a3 Nc6 22. Qh7+ Kf8 23. Qh5 1-0

[Event "4NCL/Div4/PONTY vs. CELT1"]
[Site "Wokefield Park ENG"]
[Date "2008.05.04"]
[Round "10.4"]
[White "Thomas, Robert K"]
[Black "Adams, Mark A"]
[Result "1/2-1/2"]
[WhiteElo "2153"]
[BlackElo "2019"]
[PlyCount "28"]
[EventDate "2008.05.04"]
[EventType "team"]
[EventRounds "11"]
[EventCountry "ENG"]
[SourceDate "2007.09.15"]

1. d4 Nf6 2. c4 e6 3. Nc3 Bb4 4. Qc2 O-O 5. Bg5 b6 6. a3 Bxc3+ 7. Qxc3 Ba6 8.
e3 d6 9. Nf3 Nbd7 10. Rc1 c5 11. Be2 Rc8 12. Nd2 b5 13. O-O bxc4 14. Bxc4 Bxc4
1/2-1/2

[Event "4NCL/Div4/PONTY vs. CELT1"]
[Site "Wokefield Park ENG"]
[Date "2008.05.04"]
[Round "10.5"]
[White "Robinson, David"]
[Black "French, Angus"]
[Result "0-1"]
[WhiteElo "1985"]
[BlackElo "2127"]
[PlyCount "94"]
[EventDate "2008.05.04"]
[EventType "team"]
[EventRounds "11"]
[EventCountry "ENG"]
[SourceDate "2007.09.15"]

1. e4 Nf6 2. Nc3 e5 3. Bc4 Nxe4 4. Nf3 Nxc3 5. dxc3 f6 6. Nh4 g6 7. O-O Qe7 8.
Kh1 d6 9. f4 f5 10. Nf3 e4 11. Ng5 h6 12. Bf7+ Kd8 13. Qd4 hxg5 14. Qxh8 Qxf7
15. fxg5 Nc6 16. Be3 Qg7 17. Qh3 Be6 18. Rf4 Kd7 19. Qg3 Be7 20. Rh4 d5 21. Rf1
Rh8 22. Bf4 Bd6 23. Qh3 Rxh4 24. Qxh4 Bxf4 25. Rxf4 Ne5 26. Qf2 b6 27. Rh4 Ng4
28. Qe2 c6 29. h3 Ne5 30. Qf2 Nf7 31. Qf4 Qe5 32. Qe3 Kd6 33. g3 c5 34. Kg1 {=}
d4 35. cxd4 Qxd4 36. Qxd4+ cxd4 37. Rh7 Bxa2 38. h4 Be6 39. Kf2 a5 40. Rg7 Ne5
41. b3 d3 42. cxd3 exd3 43. Ke3 Bxb3 44. Rb7 Nd7 45. Ra7 Bc4 46. Kd2 Nc5 47.
Rg7 Ne4+ 0-1

[Event "4NCL/Div4/PONTY vs. CELT1"]
[Site "Wokefield Park ENG"]
[Date "2008.05.04"]
[Round "10.6"]
[White "Josse, Mark"]
[Black "James, Dai"]
[Result "1-0"]
[WhiteElo "1927"]
[BlackElo "1994"]
[PlyCount "87"]
[EventDate "2008.05.04"]
[EventType "team"]
[EventRounds "11"]
[EventCountry "ENG"]
[SourceDate "2007.09.15"]

1. e4 e6 2. d4 d5 3. Nd2 Nf6 4. e5 Nfd7 5. Bd3 c5 6. c3 Nc6 7. Ngf3 Qb6 8. O-O
cxd4 9. cxd4 Nxd4 10. Nxd4 Qxd4 11. Nf3 Qb6 12. Qa4 Qb4 13. Qc2 h6 14. a3 Qc5
15. Qa4 a6 16. Be3 Qc6 17. Qg4 Qc7 18. Bd4 Nb8 19. Rac1 Nc6 20. Rfe1 Qd8 21.
Be3 Bd7 22. Rc2 Qb8 23. Bb6 g5 24. h4 Be7 25. hxg5 hxg5 26. Rce2 Bd8 27. Bc5
Be7 28. Bxe7 Nxe7 29. Nxg5 Qa7 30. Rc2 Nc6 31. Nxf7 Rf8 32. Nd6+ Kd8 33. Re3
Kc7 34. b4 Rg8 35. Qh4 Raf8 36. b5 Kb8 37. bxc6 Bxc6 38. Rg3 Rh8 39. Qb4 Ka8
40. Qc5 Qb8 41. Qb6 Rh5 42. Rxc6 bxc6 43. Qxc6+ Ka7 44. Qxa6# 1-0

[Event "4NCL/Div4/MET vs. ATH"]
[Site "Wokefield Park ENG"]
[Date "2008.05.04"]
[Round "10.1"]
[White "Dickson, George"]
[Black "Hopper, Paul"]
[Result "1/2-1/2"]
[WhiteElo "2137"]
[BlackElo "2183"]
[PlyCount "30"]
[EventDate "2008.05.04"]
[EventType "team"]
[EventRounds "11"]
[EventCountry "ENG"]
[SourceDate "2007.09.15"]

1. e4 e5 2. Nf3 Nc6 3. Nc3 Bb4 4. Nd5 Bd6 5. d4 Nge7 6. dxe5 Bxe5 7. Nxe5 Nxe5
8. Bg5 N5g6 9. Nxe7 Nxe7 10. Bc4 O-O 11. Qf3 d6 12. O-O-O Be6 13. Bxe6 fxe6 14.
Qg4 Qd7 15. Be3 Nc6 1/2-1/2

[Event "4NCL/Div4/MET vs. ATH"]
[Site "Wokefield Park ENG"]
[Date "2008.05.04"]
[Round "10.3"]
[White "Fegan, Chris"]
[Black "Pedersen, Carsten"]
[Result "0-1"]
[WhiteElo "2081"]
[BlackElo "2155"]
[PlyCount "76"]
[EventDate "2008.05.04"]
[EventType "team"]
[EventRounds "11"]
[EventCountry "ENG"]
[SourceDate "2007.09.15"]

1. d4 Nf6 2. Nf3 e6 3. e3 Nc6 4. c3 d6 5. Bd3 g6 6. e4 Bg7 7. Bg5 e5 8. d5 Ne7
9. O-O h6 10. Bb5+ Nd7 11. Be3 O-O 12. Qd2 Kh7 13. Nh4 g5 14. Nf5 Nxf5 15. exf5
Nf6 16. Qc2 e4 17. Bd4 Bxf5 18. c4 Bg6 19. Qe2 Nxd5 20. Bxg7 Nf4 21. Qe3 Kxg7
22. Nc3 c6 23. Ba4 Re8 24. Rad1 Re6 25. Bb3 Nd3 26. Rd2 Nc5 27. Bc2 a5 28. Rfd1
Qe7 29. a3 a4 30. g4 Kh7 31. Qg3 Rd8 32. Qe3 Nd3 33. h3 Nxb2 34. Qd4 Nxd1 35.
Rxd1 Qf6 36. Qxf6 Rxf6 37. Nxe4 Rf4 38. Re1 Kg7 0-1

[Event "4NCL/Div4/MET vs. ATH"]
[Site "Wokefield Park ENG"]
[Date "2008.05.04"]
[Round "10.4"]
[White "Stevenson, James A B"]
[Black "Calvert, D Ian"]
[Result "1/2-1/2"]
[WhiteElo "2080"]
[BlackElo "2052"]
[PlyCount "49"]
[EventDate "2008.05.04"]
[EventType "team"]
[EventRounds "11"]
[EventCountry "ENG"]
[SourceDate "2007.09.15"]

1. c4 c6 2. e4 e5 3. Nf3 Nf6 4. Nc3 Bb4 5. Bd3 d6 6. h3 Nbd7 7. Bc2 O-O 8. O-O
Re8 9. Re1 Nf8 10. d4 Bxc3 11. bxc3 Qa5 12. Bb2 Ng6 13. Nd2 Bd7 14. Nb3 Qc7 15.
c5 Rad8 16. Qf3 Bc8 17. Rad1 b6 18. cxd6 Rxd6 19. Nd2 Ba6 20. Bb3 c5 21. d5 c4
22. Bc2 Nd7 23. Nf1 Nc5 24. Ba3 Nf4 25. Kh2 1/2-1/2

[Event "4NCL/Div4/MET vs. ATH"]
[Site "Wokefield Park ENG"]
[Date "2008.05.04"]
[Round "10.5"]
[White "Vachtfeidl, Petr"]
[Black "Gruettner, Ralf"]
[Result "1-0"]
[WhiteElo "2006"]
[BlackElo "2098"]
[PlyCount "101"]
[EventDate "2008.05.04"]
[EventType "team"]
[EventRounds "11"]
[EventCountry "ENG"]
[SourceDate "2007.09.15"]

1. e4 c5 2. Nf3 d6 3. d4 cxd4 4. Nxd4 Nf6 5. Nc3 g6 6. Be3 Bg7 7. f3 O-O 8. Qd2
Nc6 9. O-O-O d5 10. exd5 Nxd5 11. Nxc6 bxc6 12. Bd4 Nxc3 13. Qxc3 Bh6+ 14. Be3
Bxe3+ 15. Qxe3 Qa5 16. Bc4 Ba6 17. Bb3 Qc7 18. Rhe1 e6 19. Qe5 Qxe5 20. Rxe5
Rfd8 21. Rxd8+ Rxd8 22. Ra5 Be2 23. c3 Rd7 24. Rc5 Bf1 25. g3 Bg2 26. Bd1 Kf8
27. Be2 Rc7 28. Kd2 Ke7 29. Ke3 Bh3 30. g4 Kd6 31. b4 f5 32. g5 e5 33. f4 exf4+
34. Kxf4 Bg2 35. h4 Re7 36. Bd3 Be4 37. Bf1 Bc2 38. Rc4 Re4+ 39. Kg3 Re3+ 40.
Kf4 Re4+ 41. Rxe4 Bxe4 42. c4 c5 43. b5 Bb7 44. a4 a5 45. Bd3 Bg2 46. h5 Bh3
47. h6 Bg2 48. Bxf5 Bf1 49. Bxg6 Bxc4 50. Bxh7 Bb3 51. Be4 1-0

[Event "4NCL/Div4/MET vs. ATH"]
[Site "Wokefield Park ENG"]
[Date "2008.05.04"]
[Round "10.6"]
[White "Kay, Jonathan"]
[Black "Cooke, Charlie"]
[Result "0-1"]
[WhiteElo "1965"]
[BlackElo "1845"]
[PlyCount "140"]
[EventDate "2008.05.04"]
[EventType "team"]
[EventRounds "11"]
[EventCountry "ENG"]
[SourceDate "2007.09.15"]

1. e4 e5 2. Nf3 Nf6 3. Nc3 Nc6 4. Bb5 d6 5. d4 exd4 6. Nxd4 Bd7 7. Nxc6 Bxc6 8.
Bxc6+ bxc6 9. O-O Be7 10. Qf3 d5 11. e5 Nd7 12. Qg3 g6 13. Re1 Nc5 14. Bh6 Bf8
15. Bg5 Be7 16. Bf6 O-O 17. Qh4 Re8 18. g4 Nd7 19. Bxe7 Qxe7 20. Qg3 Qb4 21. e6
Rxe6 22. Rxe6 fxe6 23. Rb1 Rf8 24. h3 Qf4 25. Qxf4 Rxf4 26. Ne2 Rc4 27. c3 e5
28. Rd1 Ra4 29. a3 Kf7 30. Kg2 Nf6 31. f3 Ke6 32. Ra1 c5 33. b3 Ra6 34. a4 Rb6
35. Rb1 a5 36. Nc1 Kd6 37. Kf2 c4 38. b4 c5 39. bxc5+ Kxc5 40. Rxb6 Kxb6 41.
Ke3 g5 42. Ne2 Kc5 43. Kd2 d4 44. Ng3 Kd5 45. Nf5 Nd7 46. Ne7+ Kd6 47. Nc8+ Kc7
48. Na7 Kb6 49. Nb5 Kc5 50. Nc7 h6 51. Ne6+ Kd6 52. Nd8 Nc5 53. Nf7+ Ke6 54.
Nd8+ Kd5 55. Kc2 Nxa4 56. Nb7 Nxc3 57. Nxa5 Ne2 58. Nb7 Ng1 59. Nd8 Nxf3 60.
Nf7 Ng1 61. Nxh6 Nxh3 62. Nf7 e4 63. Kd2 e3+ 64. Ke2 Ng1+ 65. Ke1 Nh3 66. Ke2
Ke6 67. Nh6 Nf4+ 68. Kd1 e2+ 69. Kd2 c3+ 70. Ke1 d3 0-1

[Event "4NCL/Div4/BCA vs. ANGA2"]
[Site "Wokefield Park ENG"]
[Date "2008.05.04"]
[Round "10.1"]
[White "Crouch, Colin"]
[Black "Reynolds, D Ian"]
[Result "1-0"]
[WhiteElo "2357"]
[BlackElo "2104"]
[PlyCount "59"]
[EventDate "2008.05.04"]
[EventType "team"]
[EventRounds "11"]
[EventCountry "ENG"]
[SourceDate "2007.09.15"]

1. Nf3 Nf6 2. c4 e6 3. Nc3 Bb4 4. Qc2 d5 5. cxd5 exd5 6. a3 Bd6 7. Nb5 O-O 8.
g3 c6 9. Nxd6 Qxd6 10. Bg2 Re8 11. d3 Bg4 12. O-O Nbd7 13. b4 Rac8 14. Bb2 b6
15. d4 c5 16. bxc5 bxc5 17. dxc5 Nxc5 18. Rad1 Nce4 19. Qd3 Nc5 20. Qd2 Nce4
21. Qd4 Qa6 22. Rfe1 Rc4 23. Qd3 Nc5 24. Qb1 Rb8 25. Ne5 Ra4 26. Qc2 Nce4 27.
Bxe4 dxe4 28. Qc7 Rf8 29. Rd8 Be6 30. Qe7 1-0

[Event "4NCL/Div4/BCA vs. ANGA2"]
[Site "Wokefield Park ENG"]
[Date "2008.05.04"]
[Round "10.2"]
[White "Feavyour, John"]
[Black "Mordue, A Tyson"]
[Result "0-1"]
[WhiteElo "2094"]
[BlackElo "2317"]
[PlyCount "82"]
[EventDate "2008.05.04"]
[EventType "team"]
[EventRounds "11"]
[EventCountry "ENG"]
[SourceDate "2007.09.15"]

1. d4 Nf6 2. c4 g6 3. Nc3 Bg7 4. e4 d6 5. Nf3 O-O 6. Be2 e5 7. dxe5 dxe5 8.
Qxd8 Rxd8 9. Bg5 Re8 10. O-O-O h6 11. Bh4 Na6 12. h3 Nh5 13. Rd8 Rxd8 14. Bxd8
Nf4 15. Rd1 Nxg2 16. Be7 Bxh3 17. Bf1 Nf4 18. Bxh3 Nxh3 19. Rd2 Nf4 20. Rd7 Rc8
21. Nb5 Nb8 22. Rd2 Nc6 23. Bc5 a6 24. Nc3 Rd8 25. Nd5 Ne6 26. Be3 Ncd4 27.
Bxd4 exd4 28. e5 Kf8 29. b3 c6 30. Nb4 h5 31. Kc2 Ke7 32. Nd3 c5 33. Re2 Rh8
34. Nh4 Bh6 35. b4 Rc8 36. bxc5 Kd7 37. Nf3 Bf8 38. Re4 Bxc5 39. Nxc5+ Rxc5 40.
Kd3 Ra5 41. Nxd4 Nc5+ 0-1

[Event "4NCL/Div4/BCA vs. ANGA2"]
[Site "Wokefield Park ENG"]
[Date "2008.05.04"]
[Round "10.3"]
[White "Ross, Chris"]
[Black "Ruthen, Steven"]
[Result "1/2-1/2"]
[WhiteElo "2146"]
[BlackElo "2050"]
[PlyCount "80"]
[EventDate "2008.05.04"]
[EventType "team"]
[EventRounds "11"]
[EventCountry "ENG"]
[SourceDate "2007.09.15"]

1. e4 e5 2. Nf3 Nc6 3. Bb5 Nd4 4. Nxd4 exd4 5. d3 Bc5 6. O-O c6 7. Bc4 d5 8.
exd5 cxd5 9. Bb5+ Bd7 10. Bxd7+ Qxd7 11. Nd2 Ne7 12. Nb3 Bb6 13. Bd2 O-O 14.
Bb4 Rfe8 15. Bxe7 Rxe7 16. Qd2 Qd6 17. Rfe1 Rae8 18. g3 h6 19. Rxe7 Rxe7 20.
Re1 Re6 21. Kg2 Qe7 22. Rxe6 fxe6 23. f4 e5 24. fxe5 Qxe5 25. Qf2 Kh7 26. Nd2
Qe6 27. Nf3 Qf6 28. Qe1 Qc6 29. Qe2 Qf6 30. Qe5 Qxe5 31. Nxe5 Bc7 32. Nf3 Bb6
33. Nh4 g6 34. Kf3 Kg7 35. Ng2 g5 36. h4 Kg6 37. hxg5 hxg5 38. Kg4 Ba5 39. a3
Bd2 40. b3 Bc3 1/2-1/2

[Event "4NCL/Div4/BCA vs. ANGA2"]
[Site "Wokefield Park ENG"]
[Date "2008.05.04"]
[Round "10.4"]
[White "Szymanski, Mark"]
[Black "Lilley, Graham"]
[Result "1/2-1/2"]
[WhiteElo "2015"]
[BlackElo "2118"]
[PlyCount "81"]
[EventDate "2008.05.04"]
[EventType "team"]
[EventRounds "11"]
[EventCountry "ENG"]
[SourceDate "2007.09.15"]

1. d4 Nf6 2. Nf3 g6 3. Bg5 Bg7 4. Nbd2 h6 5. Bh4 d6 6. e3 Nbd7 7. c3 b6 8. a4
Bb7 9. a5 c5 10. a6 Bc6 11. b4 cxd4 12. cxd4 Rc8 13. b5 Ba8 14. Rc1 O-O 15. Be2
Rxc1 16. Qxc1 Qc8 17. O-O Qb8 18. Qb1 Rc8 19. e4 e5 20. d5 Rc3 21. Nc4 Nh5 22.
Re1 Nf4 23. Bf1 Nc5 24. Nfd2 g5 25. Bg3 Qc7 26. Qb4 Rd3 27. Bxd3 Nfxd3 28. Qb1
Nxe1 29. Qxe1 Qd7 30. Qb1 Bf8 31. Ne3 Qc7 32. Nec4 Qc8 33. f3 f5 34. Bf2 Nd7
35. Ne3 f4 36. Nf5 Qc3 37. Nf1 Nf6 38. h3 h5 39. Be1 Qc5+ 40. Bf2 Qc3 41. Be1
1/2-1/2

[Event "4NCL/Div4/BCA vs. ANGA2"]
[Site "Wokefield Park ENG"]
[Date "2008.05.04"]
[Round "10.5"]
[White "Cole, Tristram C"]
[Black "Donaghay, Richard"]
[Result "0-1"]
[WhiteElo "1985"]
[BlackElo "1971"]
[PlyCount "64"]
[EventDate "2008.05.04"]
[EventType "team"]
[EventRounds "11"]
[EventCountry "ENG"]
[SourceDate "2007.09.15"]

1. e4 d5 2. d4 dxe4 3. Nc3 Nf6 4. f3 exf3 5. Nxf3 Bf5 6. Bc4 c6 7. O-O e6 8.
Bg5 Be7 9. Bb3 Nbd7 10. Qe1 Nd5 11. Nxd5 cxd5 12. Bxe7 Qxe7 13. Ne5 O-O 14.
Bxd5 Nxe5 15. Qxe5 Bxc2 16. Rac1 Rac8 17. Rxf7 Kxf7 18. Rf1+ Kg8 19. Bxe6+ Kh8
20. Bxc8 Rxf1+ 21. Kxf1 Qf8+ 22. Ke2 Qxc8 23. d5 Bf5 24. Ke3 h6 25. Kf4 Bd7 26.
h3 Qc4+ 27. Kg3 Kh7 28. b3 Qd3+ 29. Kh2 Qf5 30. Qd6 Bc8 31. b4 b5 32. Qg3 Qxd5
0-1

[Event "4NCL/Div4/BCA vs. ANGA2"]
[Site "Wokefield Park ENG"]
[Date "2008.05.04"]
[Round "10.6"]
[White "Botham, Paul"]
[Black "Burnell, Steve"]
[Result "1-0"]
[WhiteElo "2036"]
[BlackElo "1935"]
[PlyCount "89"]
[EventDate "2008.05.04"]
[EventType "team"]
[EventRounds "11"]
[EventCountry "ENG"]
[SourceDate "2007.09.15"]

1. d4 d5 2. Nf3 Nf6 3. Bg5 e6 4. e3 Be7 5. Bd3 Nbd7 6. O-O c5 7. c3 O-O 8. Nbd2
b6 9. Qb1 h6 10. Bh4 Bb7 11. b4 c4 12. Bc2 b5 13. Qb2 Qc7 14. Bg3 Bd6 15. Rfe1
Rfe8 16. e4 e5 17. dxe5 Nxe5 18. Nxe5 Bxe5 19. Bxe5 Rxe5 20. exd5 Rh5 21. Nf1
Bxd5 22. Rad1 Rg5 23. Ne3 Bf3 24. Rd4 Qe5 25. g3 Ng4 26. Bd1 Nxh2 27. Ng2 Qc7
28. Kxh2 Rh5+ 29. Rh4 Bxd1 30. Rxd1 Re5 31. Qd2 a5 32. a3 axb4 33. axb4 Ra3 34.
Ne3 Qa7 35. Qd8+ Kh7 36. Qd4 Qc7 37. Nd5 Qb8 38. Re4 Rh5+ 39. Kg2 Ra2 40. Rd2
Ra1 41. Rd1 Ra2 42. Rg4 f6 43. Rxg7+ Kh8 44. Qxf6 Qe5 45. Qf8# 1-0

[Event "4NCL/Div4/AMCAD vs. GUI4"]
[Site "Wokefield Park ENG"]
[Date "2008.05.04"]
[Round "10.1"]
[White "Norman, Kenneth I"]
[Black "Richardson, Keith B"]
[Result "1/2-1/2"]
[WhiteElo "2145"]
[BlackElo "2194"]
[PlyCount "48"]
[EventDate "2008.05.04"]
[EventType "team"]
[EventRounds "11"]
[EventCountry "ENG"]
[SourceDate "2007.09.15"]

1. Nf3 d5 2. g3 Nc6 3. Bg2 e5 4. d3 Nf6 5. O-O Be7 6. Nbd2 Be6 7. c3 O-O 8. e4
dxe4 9. dxe4 a5 10. Qe2 Nd7 11. Rd1 Qc8 12. Nc4 f6 13. Ne3 Bc5 14. Nd5 Ne7 15.
Be3 Nxd5 16. exd5 Bf7 17. Bxc5 Nxc5 18. Qb5 Ne4 19. Qe2 Nd6 20. c4 b6 21. Re1
Bh5 22. Qc2 Bg6 23. Qe2 Bh5 24. Qc2 Bg6 1/2-1/2

[Event "4NCL/Div4/AMCAD vs. GUI4"]
[Site "Wokefield Park ENG"]
[Date "2008.05.04"]
[Round "10.2"]
[White "Horton, Justin"]
[Black "Bonafont, Philip"]
[Result "1-0"]
[WhiteElo "2163"]
[BlackElo "2123"]
[PlyCount "87"]
[EventDate "2008.05.04"]
[EventType "team"]
[EventRounds "11"]
[EventCountry "ENG"]
[SourceDate "2007.09.15"]

1. c4 c5 2. Nf3 Nc6 3. Nc3 e5 4. g3 g6 5. Bg2 Bg7 6. d3 Nge7 7. Ne4 d6 8. Bg5
h6 9. Bf6 O-O 10. Nfd2 Be6 11. O-O Qd7 12. a3 b6 13. b4 cxb4 14. axb4 d5 15. b5
dxe4 16. bxc6 Nxc6 17. Nxe4 Bh3 18. Bxh3 Qxh3 19. e3 Qe6 20. Qf3 Rfe8 21. Rfd1
a5 22. Rab1 Nb4 23. c5 bxc5 24. Rbc1 Rec8 25. Bxg7 Kxg7 26. Nxc5 Qe7 27. Rc4
Rab8 28. d4 e4 29. Qe2 Nd3 30. Qc2 Rb2 31. Qc3 Rcb8 32. Nxd3 exd3 33. d5+ Kg8
34. Rxd3 Rb1+ 35. Kg2 Rd8 36. d6 Qe6 37. d7 Kh7 38. Rc8 Qe4+ 39. f3 Qe7 40.
Rxd8 Qxd8 41. Qc8 Rb2+ 42. Kf1 Qf6 43. f4 Qf5 44. d8=Q 1-0

[Event "4NCL/Div4/AMCAD vs. GUI4"]
[Site "Wokefield Park ENG"]
[Date "2008.05.04"]
[Round "10.3"]
[White "Purdon, Colin"]
[Black "Dekker, Alain"]
[Result "1/2-1/2"]
[WhiteElo "2093"]
[BlackElo "2121"]
[PlyCount "30"]
[EventDate "2008.05.04"]
[EventType "team"]
[EventRounds "11"]
[EventCountry "ENG"]
[SourceDate "2007.09.15"]

1. d4 f5 2. e4 fxe4 3. Nc3 Nf6 4. Bg5 c6 5. Bxf6 exf6 6. Nxe4 d5 7. Ng3 Qe7+ 8.
Qe2 Kf7 9. O-O-O Qxe2 10. Bxe2 a5 11. Nf3 b5 12. Ne1 Na6 13. Nd3 Nb4 14. c3
Nxd3+ 15. Bxd3 g6 1/2-1/2